[Event "XIII American Continental"]
[Site "Montevideo URU"]
[Date "2018.06.07"]
[Round "8"]
[White "Pomar, Marcelo Nascimento"]
[Black "Cerda Albornoz, Guillermo"]
[Result "0-1"]
[WhiteElo "2037"]
[BlackElo "2195"]
[EventDate "2018.06.01"]
[PlyCount "102"]

1.e4 e5 2.Nf3 Nc6 3.Bb5 a6 4.Ba4 Nf6 5.O-O b5 6.Bb3 Be7 7.Re1 O-O 8.h3 d6 
9.c3 Na5 10.Bc2 c5 11.d4 Qc7 12.Nbd2 Nc6 13.d5 Nb8 14.a4 Ra7 15.Nf1 Re8 
16.g4 h5 17.g5 Nh7 18.h4 Rb7 19.axb5 axb5 20.N3h2 g6 21.f4 exf4 22.Bxf4 
Bf8 23.Ng3 Bg7 24.Nxh5 gxh5 25.Qxh5 Nf8 26.Ng4 Bxg4 27.Qxg4 Ng6 28.Rf1 Qd7
29.Qh5 Qh3 30.Bxd6 b4 31.Rf3 Qxh4 32.Qxh4 Nxh4 33.Rh3 Ng6 34.Bxc5 Rc8 35.
cxb4 Nd7 36.Rf1 Nxc5 37.bxc5 Rxc5 38.Ba4 Rxb2 39.Be8 Bd4+ 40.Kh1 Ne5 41.d6
Rcc2 42.Ba4 Rd2 43.d7 Bb6 44.Bd1 Rxd7 45.g6 fxg6 46.Bb3+ Kg7 47.Bd5 Rc7 
48.Bg8 Ng4 49.Rh7+ Kxg8 50.Rxc7 Bxc7 51.e5 Rh2+ 0-1

[Event "XIII American Continental"]
[Site "Montevideo URU"]
[Date "2018.06.07"]
[Round "8"]
[White "Markzon, Gregory"]
[Black "Garmendia Vega, Gabriel"]
[Result "1-0"]
[WhiteElo "2144"]
[BlackElo "2029"]
[EventDate "2018.06.01"]
[PlyCount "65"]

1.d4 Nf6 2.c4 e6 3.Nc3 Bb4 4.e3 O-O 5.a3 Bxc3+ 6.bxc3 d5 7.cxd5 exd5 8.Bd3
b6 9.Ne2 c5 10.O-O Ba6 11.Bxa6 Nxa6 12.f3 Re8 13.Ng3 Nc7 14.Ra2 Nb5 15.Qd3
c4 16.Qc2 Nd6 17.Qf2 Qd7 18.Re2 Re7 19.a4 Qxa4 20.e4 Nb5 21.e5 Nd7 22.Nf5 
Re6 23.Qg3 g6 24.f4 Kf8 25.Ng7 Kxg7 26.f5 Nc7 27.fxe6 Nxe6 28.Ref2 Rf8 29.
Qh4 g5 30.Bxg5 Nxg5 31.Qxg5+ Kh8 32.e6 f6 33.exd7 1-0

[Event "XIII American Continental"]
[Site "Montevideo URU"]
[Date "2018.06.07"]
[Round "8"]
[White "Chang, Suzana"]
[Black "Granara Barreto, Sebastian"]
[Result "1-0"]
[WhiteElo "1994"]
[BlackElo "2141"]
[EventDate "2018.06.01"]
[PlyCount "57"]

1.e4 c5 2.Nf3 d6 3.Bb5+ Nd7 4.O-O Nf6 5.Re1 e6 6.c3 Be7 7.d4 a6 8.Bf1 b6 
9.e5 dxe5 10.dxe5 Nd5 11.c4 Nb4 12.a3 Nc6 13.Bf4 Bb7 14.Nc3 g5 15.Bg3 h5 
16.h3 Nd4 17.Nxd4 cxd4 18.Ne4 g4 19.hxg4 h4 20.Bh2 Qc7 21.Qxd4 O-O-O 22.
Nd6+ Bxd6 23.Qxd6 Qxd6 24.exd6 Rhg8 25.f3 f5 26.gxf5 exf5 27.Kf2 Rdf8 28.
Re7 f4 29.Rae1 1-0

[Event "XIII American Continental"]
[Site "Montevideo URU"]
[Date "2018.06.07"]
[Round "8"]
[White "Lopez Falcon, Jorge"]
[Black "Nascimento, Pedro Henrique Alves"]
[Result "1-0"]
[WhiteElo "2120"]
[BlackElo "1979"]
[EventDate "2018.06.01"]
[PlyCount "107"]

1.d4 d5 2.c4 c6 3.Nf3 Nf6 4.Qc2 g6 5.g3 Bf5 6.Qb3 Qb6 7.Bg2 Bg7 8.O-O O-O 
9.Nc3 Qxb3 10.axb3 Ne4 11.cxd5 Nxc3 12.bxc3 cxd5 13.Bf4 Nd7 14.Nd2 Be6 15.
e3 a6 16.c4 Nf6 17.Be5 Rfd8 18.Rfc1 Ne8 19.Bxg7 Kxg7 20.c5 Nf6 21.b4 Bd7 
22.Bf1 Ne8 23.Nb1 Nc7 24.Nc3 e6 25.Ra5 Rab8 26.Raa1 Ra8 27.Rcb1 Kf8 28.g4 
g5 29.Kg2 Ke7 30.Be2 Bc6 31.Rh1 e5 32.Bd3 exd4 33.exd4 Ne6 34.Ne2 h6 35.
Bf5 Ng7 36.Ng3 Bd7 37.Rhe1+ Be6 38.Bxe6 Nxe6 39.Nf5+ Kf6 40.Rab1 Rd7 41.
Re3 h5 42.h3 h4 43.Ra3 Re8 44.b5 axb5 45.Rxb5 Nf4+ 46.Kf1 Kg6 47.Rb6+ f6 
48.Ra7 Re2 49.Rbxb7 Rc2 50.Ke1 Rxb7 51.Rxb7 Nd3+ 52.Kd1 Rc1+ 53.Kd2 Rc2+ 
54.Kxc2 1-0

[Event "XIII American Continental"]
[Site "Montevideo URU"]
[Date "2018.06.07"]
[Round "8"]
[White "Guerrero, Alvaro"]
[Black "Ramos, Angelo Bil"]
[Result "1/2-1/2"]
[WhiteElo "2116"]
[BlackElo "1926"]
[EventDate "2018.06.01"]
[PlyCount "89"]

1.d4 Nf6 2.c4 g6 3.Nc3 d5 4.cxd5 Nxd5 5.e4 Nxc3 6.bxc3 Bg7 7.Bc4 c5 8.Ne2 
Nc6 9.Be3 O-O 10.O-O Bg4 11.f3 Na5 12.Bd3 cxd4 13.cxd4 Be6 14.Rc1 Bxa2 15.
Qa4 Bb3 16.Qb4 b6 17.Ba6 Be6 18.Bf4 f5 19.d5 Bc8 20.Bb5 e5 21.dxe6 Bxe6 
22.Rfd1 Qf6 23.Bd6 Rfc8 24.e5 Qf7 25.Ba6 Nb7 26.Nf4 Rxc1 27.Rxc1 Nc5 28.
Bxc5 bxc5 29.Qxc5 Kh8 30.Qd6 Ba2 31.e6 Qf6 32.Rd1 Bf8 33.Qc6 Rd8 34.Rxd8 
Qxd8 35.g3 Qb6+ 36.Qxb6 axb6 37.Bb7 Kg7 38.Nd5 Bxd5 39.Bxd5 Kf6 40.f4 Ke7 
41.Kf2 Kd6 42.Ba2 Kc5 43.Ke3 b5 44.Kd3 Be7 45.Kc3 1/2-1/2

[Event "XIII American Continental"]
[Site "Montevideo URU"]
[Date "2018.06.07"]
[Round "8"]
[White "Vazquez, Facundo"]
[Black "Avgoustopoulos, Christian"]
[Result "1-0"]
[WhiteElo "1969"]
[BlackElo "2110"]
[EventDate "2018.06.01"]
[PlyCount "49"]

1.d4 Nf6 2.c4 g6 3.Nf3 Bg7 4.g3 O-O 5.Bg2 d6 6.O-O c6 7.Nc3 Nbd7 8.e4 e5 
9.h3 Re8 10.Re1 exd4 11.Nxd4 Ne5 12.b3 a6 13.Bb2 c5 14.Nc2 Rb8 15.f4 Nc6 
16.Qd2 h5 17.Rad1 Bf8 18.Nd5 Nxd5 19.cxd5 Nb4 20.Nxb4 cxb4 21.Qxb4 Bg7 22.
Bxg7 Kxg7 23.Rc1 b5 24.Rc6 Rb6 25.Qd4+ 1-0

[Event "XIII American Continental"]
[Site "Montevideo URU"]
[Date "2018.06.07"]
[Round "8"]
[White "Palma Neira, Eliseo Maximiliano"]
[Black "Santos Filho, Tadeu Sousa"]
[Result "1/2-1/2"]
[WhiteElo "1956"]
[BlackElo "2096"]
[EventDate "2018.06.01"]
[PlyCount "134"]

1.d4 Nf6 2.Nf3 g6 3.c4 Bg7 4.g3 O-O 5.Bg2 d6 6.O-O Nc6 7.Nc3 e5 8.d5 Nb8 
9.e4 a5 10.Ne1 Nfd7 11.Nd3 f5 12.Be3 b6 13.a3 Ba6 14.Nb5 Nc5 15.Nxc5 bxc5 
16.Qd2 Bxb5 17.cxb5 f4 18.gxf4 exf4 19.Bxf4 Qf6 20.Bh6 Bxh6 21.Qxh6 Qxb2 
22.Bh3 Qg7 23.Be6+ Kh8 24.Qxg7+ Kxg7 25.a4 Rd8 26.Rab1 Nd7 27.Bxd7 Rxd7 
28.b6 cxb6 29.Rxb6 g5 30.Re1 h6 31.Rc6 Re8 32.Ra6 Kf6 33.Rxa5 c4 34.Ra6 
Ke5 35.Rc6 Kd4 36.Rd1+ Kxe4 37.Rxc4+ Kf5 38.Rdd4 Ra8 39.Re4 Ra5 40.Re6 
Rxd5 41.Rxh6 Rd1+ 42.Kg2 d5 43.Rcc6 d4 44.Rce6 Rf7 45.a5 Ra1 46.a6 Ra2 47.
h3 Kf4 48.Re1 Kf5 49.Rd6 Rd2 50.Kg3 Rc7 51.Rd5+ Kf6 52.Rd6+ Kf5 53.Ree6 
Rf7 54.Rb6 Rd7 55.f3 d3 56.Red6 Rxd6 57.Rxd6 Ra2 58.Rxd3 Rxa6 59.Rd5+ Kf6 
60.h4 gxh4+ 61.Kxh4 Ra1 62.Kg4 Rb1 63.Rd4 Ra1 64.Rb4 Ra6 65.Rb5 Rc6 66.
Rf5+ Kg6 67.Rg5+ Kf6 1/2-1/2

[Event "XIII American Continental"]
[Site "Montevideo URU"]
[Date "2018.06.07"]
[Round "8"]
[White "Restuccia, Francisco"]
[Black "Pena Canapa, Alfredo"]
[Result "1-0"]
[WhiteElo "2094"]
[BlackElo "1925"]
[EventDate "2018.06.01"]
[PlyCount "101"]

1.e4 c5 2.c3 Nf6 3.e5 Nd5 4.d4 e6 5.Nf3 cxd4 6.cxd4 d6 7.Nc3 Bd7 8.Bd3 Be7
9.O-O O-O 10.Re1 Nxc3 11.bxc3 Bc6 12.exd6 Bxd6 13.Ng5 g6 14.Qg4 Qf6 15.Ne4
Bxe4 16.Bxe4 Nc6 17.Bg5 Qg7 18.Qh4 Rfe8 19.Bf6 Qf8 20.Re3 Be7 21.Rh3 h5 
22.Rb1 Bxf6 23.Qxf6 Qe7 24.Qf3 Rac8 25.Qg3 Qc7 26.f4 Kg7 27.Rxh5 Ne7 28.
Qg5 b6 29.Qh6+ Kf6 30.Qg5+ Kg7 31.Qh6+ Kf6 32.Rh3 Rh8 33.Qg5+ Kg7 34.Rxh8 
Rxh8 35.Qe5+ Qxe5 36.fxe5 Rc8 37.Rc1 Rc4 38.Kf2 Nd5 39.Bxd5 exd5 40.Ke3 
Kf8 41.Kd3 Ke7 42.Kc2 b5 43.Rb1 a6 44.Rb4 Rxb4 45.cxb4 Ke6 46.Kd3 Kf5 47.
Ke3 Kg4 48.g3 Kf5 49.Kf3 Kg5 50.h4+ Kh5 51.Kf4 1-0

[Event "XIII American Continental"]
[Site "Montevideo URU"]
[Date "2018.06.07"]
[Round "8"]
[White "Busca, Joaquin"]
[Black "Rothebarth, Ana Vitoria de Paula"]
[Result "0-1"]
[WhiteElo "1889"]
[BlackElo "2090"]
[EventDate "2018.06.01"]
[PlyCount "118"]

1.c4 e5 2.g3 Nf6 3.Bg2 d5 4.cxd5 Nxd5 5.Nc3 Nb6 6.Nf3 Nc6 7.O-O Be7 8.b3 
O-O 9.Bb2 Re8 10.e3 Bf8 11.d4 exd4 12.Nxd4 Nxd4 13.exd4 c6 14.d5 cxd5 15.
Nxd5 Nxd5 16.Bxd5 Qg5 17.Qf3 Re7 18.h4 Qg4 19.Rfe1 Qxf3 20.Bxf3 Be6 21.Ba3
Rc7 22.Bxf8 Kxf8 23.Rac1 Rac8 24.Rxc7 Rxc7 25.Re2 b6 26.Kg2 Rc3 27.Rd2 Ke7
28.Bd1 h6 29.Be2 Kf6 30.f3 g5 31.hxg5+ hxg5 32.Kf2 Ke5 33.Bd1 Bd5 34.f4+ 
gxf4 35.gxf4+ Ke4 36.f5 Ke5 37.Bg4 f6 38.Bd1 Rh3 39.Be2 Rc3 40.Bg4 Be4 41.
Rd7 a5 42.Re7+ Kf4 43.Bd1 Kxf5 44.Ke1 Re3+ 45.Kf2 Rc3 46.Ke1 Bd5 47.Kd2 
Rg3 48.Bc2+ Kf4 49.Rd7 Ke5 50.Rd8 Rg2+ 51.Kc3 b5 52.Re8+ Kd6 53.a3 b4+ 54.
axb4 axb4+ 55.Kb2 Bf7 56.Rf8 Ke7 57.Rb8 Bg6 58.Rb7+ Kd6 59.Rxb4 Rxc2+ 0-1

[Event "XIII American Continental"]
[Site "Montevideo URU"]
[Date "2018.06.07"]
[Round "8"]
[White "Chaves, Jorge Antonio Torres"]
[Black "Sauvageot Ledezma, Diego"]
[Result "0-1"]
[WhiteElo "1936"]
[BlackElo "2084"]
[EventDate "2018.06.01"]
[PlyCount "106"]

1.d4 Nf6 2.Nf3 e6 3.Bg5 d5 4.Nbd2 c5 5.e3 Be7 6.h3 Nbd7 7.Bf4 b6 8.c3 Bb7 
9.Bd3 O-O 10.Ne5 Re8 11.Qf3 Nf8 12.Bb5 N6d7 13.Bh2 Nxe5 14.Bxe5 Nd7 15.Qg3
Bf8 16.Bd6 a6 17.Bxf8 Rxf8 18.Bd3 cxd4 19.exd4 e5 20.O-O e4 21.Bc2 f5 22.
Bb3 Kh8 23.f4 Rf6 24.Rae1 Rg6 25.Qh2 a5 26.Re3 Qh4 27.Rf2 b5 28.Bd1 Rc8 
29.g3 b4 30.Rg2 Qd8 31.g4 bxc3 32.bxc3 Qb6 33.Qg3 Ba6 34.g5 Nf8 35.h4 Rgc6
36.Rf2 Qc7 37.Bb3 Rxc3 38.Bxd5 Rc1+ 39.Kh2 Qd6 40.Bf7 Qd7 41.g6 a4 42.d5 
Rd1 43.Rc3 hxg6 44.Rxc8 Bxc8 45.Bxg6 Qxd5 46.Qg5 e3 47.Qh5+ Kg8 48.Rg2 
Rxd2 49.Rxd2 exd2 50.Be8 d1=Q 51.Bf7+ Qxf7 52.Qxd1 Qxa2+ 53.Kg1 Bb7 0-1

[Event "XIII American Continental"]
[Site "Montevideo URU"]
[Date "2018.06.07"]
[Round "8"]
[White "Tregarthen, Emiliano"]
[Black "Miraballes Lopez, Andres"]
[Result "0-1"]
[WhiteElo "2083"]
[BlackElo "1665"]
[EventDate "2018.06.01"]
[PlyCount "58"]

1.d4 f5 2.g3 e6 3.Bg2 Nf6 4.Nf3 d5 5.O-O Bd6 6.Nbd2 O-O 7.c4 c6 8.a3 a5 9.
Ne5 Nbd7 10.f4 Ne4 11.Nxe4 fxe4 12.c5 Bc7 13.Qe1 Nxe5 14.fxe5 b6 15.cxb6 
Bxb6 16.Be3 Ba6 17.Qd2 Qe7 18.Bg5 Bxd4+ 19.Kh1 Qc5 20.Bh3 Bxe5 21.Bxe6+ 
Kh8 22.Bf4 Bxf4 23.gxf4 Qd6 24.f5 Qe5 25.Rf4 Bxe2 26.Rh4 Bf3+ 27.Kg1 Rab8 
28.Qe1 Rf6 29.b4 Qb2 0-1

[Event "XIII American Continental"]
[Site "Montevideo URU"]
[Date "2018.06.07"]
[Round "8"]
[White "Maestro, Esteban"]
[Black "Izquierdo, Daniel"]
[Result "0-1"]
[WhiteElo "1444"]
[BlackElo "2078"]
[EventDate "2018.06.01"]
[PlyCount "74"]

1.e4 c5 2.Nf3 e6 3.d4 cxd4 4.Nxd4 a6 5.c4 Qc7 6.Be2 Nc6 7.Nxc6 bxc6 8.Nc3 
Nf6 9.Be3 d6 10.O-O Be7 11.f4 O-O 12.a3 c5 13.Rb1 Bb7 14.Bf3 Rad8 15.Qe2 
Rd7 16.Rfc1 Rc8 17.Bf2 g6 18.e5 Bxf3 19.gxf3 Nh5 20.Bg3 dxe5 21.fxe5 Rcd8 
22.Rd1 Rd4 23.Rxd4 cxd4 24.Ne4 d3 25.Qd2 Nxg3 26.hxg3 Qxe5 27.Kg2 f5 28.
Nf2 Qd4 29.Rc1 e5 30.Re1 Qxc4 31.Rxe5 Bc5 32.Re1 Bxf2 33.Kxf2 Qd4+ 34.Kg2 
Rc8 35.Rc1 Rxc1 36.Qxc1 d2 37.Qc6 d1=Q 0-1

[Event "XIII American Continental"]
[Site "Montevideo URU"]
[Date "2018.06.07"]
[Round "8"]
[White "Medrano, Mario"]
[Black "Rodriguez Farias, Eduardo"]
[Result "1-0"]
[WhiteElo "2073"]
[BlackElo "1943"]
[EventDate "2018.06.01"]
[PlyCount "81"]

1.d4 Nf6 2.Nf3 g6 3.Bf4 Bg7 4.Nc3 O-O 5.e4 d6 6.Qd2 Nbd7 7.O-O-O c5 8.Bg5 
Qa5 9.Kb1 cxd4 10.Nxd4 Nc5 11.Nb3 Nxb3 12.axb3 Be6 13.f3 Qc5 14.h4 Rfc8 
15.Be3 Qa5 16.Bd4 Nd7 17.Bxg7 Kxg7 18.h5 g5 19.h6+ Kg8 20.Rh5 f6 21.Bb5 
Ne5 22.Be2 Bf7 23.Rxg5+ fxg5 24.Qxg5+ Bg6 25.Nd5 Qd8 26.f4 Nd7 27.Nxe7+ 
Kf7 28.Nxc8 Rxc8 29.Qd5+ Ke8 30.Bb5 Qc7 31.Qe6+ Kd8 32.Rxd6 Qxc2+ 33.Ka2 
Kc7 34.Rxd7+ Kb8 35.Qd6+ Ka8 36.f5 Be8 37.Bd3 Qd2 38.Rxh7 a6 39.Qb6 Bc6 
40.Bxa6 Rb8 41.Re7 1-0

[Event "XIII American Continental"]
[Site "Montevideo URU"]
[Date "2018.06.07"]
[Round "8"]
[White "Areco, Antonio"]
[Black "Dominguez Barreto, Facundo"]
[Result "0-1"]
[WhiteElo "1746"]
[BlackElo "2141"]
[EventDate "2018.06.01"]
[PlyCount "76"]

1.b3 Nf6 2.Bb2 g6 3.Bxf6 exf6 4.e3 Bg7 5.d4 O-O 6.Nd2 f5 7.Ne2 b6 8.Nf3 
Bb7 9.Rc1 d6 10.c4 Nd7 11.Qd2 Nf6 12.Qc2 Re8 13.h4 Bh6 14.h5 Nxh5 15.Rxh5 
Be4 16.Rxh6 Bxc2 17.Rxc2 a5 18.a4 c5 19.d5 Kg7 20.Rh1 Qf6 21.g3 Qa1+ 22.
Rc1 Qb2 23.Nd2 Qf6 24.Nf4 h5 25.Be2 Rh8 26.Bf3 h4 27.gxh4 Rxh4 28.Rxh4 
Qxh4 29.Ke2 Re8 30.Nd3 Qf6 31.Nf4 Rh8 32.Rg1 Kf8 33.Rg3 g5 34.Nd3 Qe7 35.
Rg1 f4 36.Ne4 Rg8 37.exf4 f5 38.Ne5 fxe4 0-1

[Event "XIII American Continental"]
[Site "Montevideo URU"]
[Date "2018.06.07"]
[Round "8"]
[White "Da Silva Junior, Sediney Mari"]
[Black "Lanaro, Emilio"]
[Result "1-0"]
[WhiteElo "1990"]
[BlackElo "1760"]
[EventDate "2018.06.01"]
[PlyCount "59"]

1.e4 e5 2.Nc3 Nc6 3.Bc4 Nf6 4.d3 d6 5.h3 Be7 6.Nf3 O-O 7.O-O Be6 8.Bxe6 
fxe6 9.d4 exd4 10.Nxd4 Qd7 11.a3 Nxd4 12.Qxd4 e5 13.Qc4+ Rf7 14.Bg5 Ne8 
15.Bxe7 Qxe7 16.Rad1 Nf6 17.Nd5 Qe6 18.Nxf6+ Qxf6 19.Qd5 Rb8 20.Rd3 Kf8 
21.b4 Ke7 22.Qa5 Ke6 23.Qxa7 Rff8 24.Qa5 Qe7 25.Qd5+ Kd7 26.Qb5+ Ke6 27.
Rfd1 Qd7 28.Qd5+ Ke7 29.Qxe5+ dxe5 30.Rxd7+ 1-0

[Event "XIII American Continental"]
[Site "Montevideo URU"]
[Date "2018.06.07"]
[Round "8"]
[White "Moccero, Eduardo"]
[Black "Ferrari, Carlos"]
[Result "1-0"]
[WhiteElo "1970"]
[BlackElo "1703"]
[EventDate "2018.06.01"]
[PlyCount "91"]

1.d4 d5 2.Nf3 c6 3.e3 Nf6 4.c4 e6 5.Nc3 a6 6.Qc2 dxc4 7.Bxc4 b5 8.Be2 Bb7 
9.O-O Nbd7 10.a3 Rc8 11.b4 Be7 12.Ne4 Nd5 13.Nc5 Nxc5 14.dxc5 O-O 15.Rd1 
Qc7 16.Bd3 h6 17.Bb2 Rcd8 18.Be5 Qc8 19.Rd2 f6 20.Bb2 Qc7 21.Rad1 a5 22.
Qb3 axb4 23.axb4 Bc8 24.g3 Qb7 25.Nh4 f5 26.Ng6 Rfe8 27.Ne5 Bf6 28.e4 fxe4
29.Bxe4 Qc7 30.f4 Ne7 31.Rd6 Nd5 32.Rxc6 Qb7 33.Rb6 Qa8 34.Rxb5 Qa6 35.Ra5
Qe2 36.Bf3 Qe3+ 37.Qxe3 Nxe3 38.Rxd8 Rxd8 39.Kf2 Nf5 40.Bc1 Kh7 41.b5 Nd4 
42.Be4+ Kg8 43.Be3 Nb3 44.Ra8 Rf8 45.Ke2 Be7 46.Ng6 1-0

[Event "XIII American Continental"]
[Site "Montevideo URU"]
[Date "2018.06.07"]
[Round "8"]
[White "Do Prado, Hamilton Mesquita"]
[Black "Ruggiero, Alvaro"]
[Result "0-1"]
[WhiteElo "1681"]
[BlackElo "1894"]
[EventDate "2018.06.01"]
[PlyCount "128"]

1.d4 d5 2.Bf4 c6 3.c3 Nf6 4.e3 e6 5.Nd2 Bd6 6.Bg3 O-O 7.Ngf3 c5 8.Bd3 Nc6 
9.Ne5 cxd4 10.exd4 g6 11.Ndf3 Be7 12.h3 Nh5 13.Bh2 Nxe5 14.dxe5 Qb6 15.Qc2
Bd7 16.g4 Ng7 17.a4 a5 18.h4 f5 19.g5 Bc5 20.O-O Rac8 21.Qe2 Nh5 22.Rfd1 
Bc6 23.Bb5 Rf7 24.Nd4 Bxd4 25.Rxd4 Rfc7 26.Bd3 Be8 27.f4 Ng7 28.Kg2 Qa7 
29.Bg1 Qb8 30.Bb5 Bxb5 31.Qxb5 Rc5 32.Qd3 Rc4 33.Kf3 b5 34.axb5 Qxb5 35.
Qd2 Nh5 36.Be3 a4 37.Qc2 Ng7 38.Kf2 Rxd4 39.Bxd4 Rc4 40.Ra3 Qc6 41.Qd1 Nh5
42.Kf3 Kg7 43.b3 axb3 44.Qxb3 Qd7 45.Qb8 Qc8 46.Ra7+ Kg8 47.Qd6 Rxc3+ 48.
Be3 Rxe3+ 49.Kxe3 Qc3+ 50.Kf2 Qd4+ 51.Kf1 Qxa7 52.Qxe6+ Kg7 53.Qxd5 Nxf4 
54.Qd2 Ne6 55.Qe1 Qb7 56.Kf2 f4 57.Qc3 Qe4 58.Qa1 Qe3+ 59.Kf1 f3 60.Qa6 
Qe2+ 61.Qxe2 fxe2+ 62.Kxe2 Kf7 63.Ke3 Ke7 64.Ke4 Ng7 0-1

[Event "XIII American Continental"]
[Site "Montevideo URU"]
[Date "2018.06.07"]
[Round "8"]
[White "Pinero, Ismael"]
[Black "Torres Acosta, Raul"]
[Result "1-0"]
[WhiteElo "1883"]
[BlackElo "1676"]
[EventDate "2018.06.01"]
[PlyCount "135"]

1.e4 e5 2.Nf3 Nc6 3.Bb5 Bc5 4.c3 d6 5.O-O Bd7 6.d3 h6 7.Qe2 Qf6 8.Rd1 Nge7
9.a4 Bg4 10.Nbd2 a6 11.Bc4 Ng6 12.b4 Nf4 13.Qf1 Qg6 14.bxc5 h5 15.Nh4 Qf6 
16.Ndf3 g5 17.Nf5 Bxf3 18.gxf3 g4 19.Bxf4 exf4 20.cxd6 Ne5 21.Rab1 Qg5 22.
Rxb7 gxf3+ 23.Kh1 Rg8 24.Ng3 h4 25.Qh3 Ng4 26.Rf1 hxg3 27.fxg3 Rg6 28.Qh4 
fxg3 29.Qxg3 Nf2+ 30.Qxf2 Qg2+ 31.Qxg2 fxg2+ 32.Kg1 gxf1=Q+ 33.Kxf1 Rxd6 
34.Rxc7 Rf6+ 35.Ke2 Rb8 36.Ra7 Rb2+ 37.Ke3 Rxh2 38.Bxa6 Rh3+ 39.Kd4 Rd6+ 
40.Ke5 Re6+ 41.Kd5 Rh5+ 42.Kc4 Rh4 43.Bb5+ Kf8 44.Ra8+ Ke7 45.Ra7+ Kf8 46.
Kb3 Rb6 47.c4 Rh3 48.Kc3 Rh5 49.Rd7 Rc5 50.Kb4 Rc8 51.a5 Rbb8 52.a6 Kg7 
53.e5 Kg6 54.d4 f5 55.exf6 Kxf6 56.d5 Ke5 57.Ka5 Kd4 58.a7 Ra8 59.Kb6 Rf8 
60.Bc6 Rac8 61.c5 Rg8 62.a8=Q Rxa8 63.Bxa8 Rxa8 64.c6 Ra2 65.c7 Rb2+ 66.
Kc6 Rc2+ 67.Kd6 Rc5 68.Ke7 1-0

[Event "XIII American Continental"]
[Site "Montevideo URU"]
[Date "2018.06.07"]
[Round "8"]
[White "Palacio, Enzo"]
[Black "Marrero, Javier"]
[Result "1/2-1/2"]
[WhiteElo "1633"]
[BlackElo "1849"]
[EventDate "2018.06.01"]
[PlyCount "77"]

1.e4 c5 2.Nf3 e6 3.d4 cxd4 4.Nxd4 Nc6 5.Nc3 Qc7 6.Be3 a6 7.a3 Nf6 8.Be2 
Be7 9.O-O O-O 10.f4 Nxd4 11.Bxd4 Bc5 12.e5 Ne8 13.Kh1 Bxd4 14.Qxd4 d6 15.
exd6 Nxd6 16.Bd3 b5 17.Ne4 Nxe4 18.Qxe4 g6 19.Qe3 Bb7 20.Be4 Bxe4 21.Qxe4 
Rad8 22.Rad1 Rd7 23.Rxd7 Qxd7 24.Qd3 Qxd3 25.cxd3 Rc8 26.Kg1 Rc2 27.Rf2 
Rc1+ 28.Rf1 Rc5 29.g3 Kg7 30.Kg2 Kf6 31.Rf2 Ke7 32.Kf3 Kd6 33.d4 Rc1 34.
Ke4 Rc4 35.Re2 h5 36.Kd3 f5 37.Rc2 Rxc2 38.Kxc2 Kd5 39.Kd3 1/2-1/2

[Event "XIII American Continental"]
[Site "Montevideo URU"]
[Date "2018.06.07"]
[Round "8"]
[White "Cortes Arias, Mariela"]
[Black "Bon, Charles"]
[Result "0-1"]
[WhiteElo "1830"]
[BlackElo "1591"]
[EventDate "2018.06.01"]
[PlyCount "102"]

1.d4 Nf6 2.Nc3 d5 3.Bg5 Nc6 4.Qd3 g6 5.f3 Bg7 6.O-O-O O-O 7.e3 a6 8.g4 b5 
9.h4 e5 10.Bxf6 Bxf6 11.dxe5 Bxe5 12.Qxd5 Qxd5 13.Nxd5 Be6 14.Ne2 Rad8 15.
Nef4 Bxf4 16.Nxf4 Rxd1+ 17.Kxd1 Rd8+ 18.Bd3 Bc4 19.Ke2 Ne5 20.Bxc4 Nxc4 
21.b3 Rd2+ 22.Ke1 Rxc2 23.bxc4 Rc1+ 24.Kd2 Rxh1 25.cxb5 axb5 26.h5 Rh2+ 
27.Kc3 Rxa2 28.hxg6 hxg6 29.Nd5 c5 30.g5 b4+ 31.Kb3 Ra1 32.Nf6+ Kg7 33.Nd5
Kf8 34.Kc4 Rc1+ 35.Kb3 Ke8 36.Kb2 Rd1 37.Nf6+ Ke7 38.Ne4 c4 39.Kc2 Rd3 40.
Nf6 Ke6 41.Ng4 Kf5 42.Nh6+ Kxg5 43.Nxf7+ Kf6 44.Nh6 b3+ 45.Kc1 c3 46.Ng4+ 
Kf5 47.Nh6+ Kg5 48.Ng4 Rd2 49.Ne5 Rg2 50.f4+ Kf5 51.Nf3 Ke4 0-1

[Event "XIII American Continental"]
[Site "Montevideo URU"]
[Date "2018.06.07"]
[Round "8"]
[White "Ortiz, Jorge"]
[Black "Kulik, Nicolas"]
[Result "0-1"]
[WhiteElo "1784"]
[BlackElo "1367"]
[EventDate "2018.06.01"]
[PlyCount "122"]

1.e4 e6 2.d4 d5 3.exd5 exd5 4.c4 Nf6 5.Nc3 c6 6.Bd3 Be6 7.c5 b6 8.b4 a5 9.
Na4 bxc5 10.bxc5 Nbd7 11.Bf4 Be7 12.Ne2 O-O 13.h3 Re8 14.O-O h6 15.Rb1 Ne4
16.f3 Ng5 17.Qc2 Nf8 18.Kh2 f6 19.Nb6 Ra7 20.Qa4 Bd7 21.Nxd7 Qxd7 22.Rb6 
Nfe6 23.Qxc6 Qxc6 24.Rxc6 Nd8 25.Rb6 Nde6 26.Bg3 Nxd4 27.Nxd4 Bxc5 28.Rb5 
Bxd4 29.Rxd5 Bb6 30.Rc1 Re6 31.Bg6 Ra8 32.Rd7 Re2 33.Rc6 Nxf3+ 34.Kh1 Ne5 
35.Bxe5 Re1+ 36.Kh2 Bg1+ 37.Kg3 Rxe5 38.Rcc7 Rg5+ 39.Kf4 Bh2+ 40.Kf3 Bxc7 
41.Bd3 Ra7 42.g4 Bb6 43.Rd6 Bc5 44.Rc6 Bf8 45.Bf5 h5 46.Be6+ Kh7 47.Rc8 
hxg4+ 48.hxg4 Bb4 49.Bf5+ Rxf5+ 50.gxf5 g6 51.Kg4 gxf5+ 52.Kxf5 Rd7 53.
Kxf6 Rd2 54.a3 Bxa3 55.Rc7+ Kh6 56.Kf5 Bb4 57.Rc6+ Rd6 58.Rc1 a4 59.Ke5 a3
60.Rc2 Rd2 61.Rc6+ Kh5 0-1

[Event "XIII American Continental"]
[Site "Montevideo URU"]
[Date "2018.06.07"]
[Round "8"]
[White "Marques, Ubiratan De Azevedo"]
[Black "Cardozo, Camila"]
[Result "1/2-1/2"]
[WhiteElo "1777"]
[BlackElo "1586"]
[EventDate "2018.06.01"]
[PlyCount "82"]

1.d4 d5 2.Nf3 Nf6 3.h3 c5 4.c3 Nc6 5.Bf4 Qb6 6.Qb3 c4 7.Qxb6 axb6 8.Nbd2 
e6 9.e3 Bd7 10.Be2 b5 11.O-O b4 12.Ne5 Be7 13.Nxd7 Kxd7 14.Rfc1 Ra7 15.
cxb4 Bxb4 16.Nb1 Rha8 17.a3 Be7 18.Nc3 Ra5 19.Rab1 b5 20.b4 Rxa3 21.Nxb5 
Ra2 22.Nc3 R2a3 23.b5 Na5 24.Bd1 Nb3 25.Bxb3 Rxb3 26.Rxb3 cxb3 27.Rb1 Ra3 
28.f3 b2 29.Rxb2 Rxc3 30.b6 Ke8 31.b7 Nd7 32.b8=Q+ Nxb8 33.Rxb8+ Bd8 34.g4
h6 35.Kg2 g5 36.Be5 Kd7 37.Rb7+ Bc7 38.f4 Kc8 39.Rxc7+ Rxc7 40.Bxc7 Kxc7 
41.Kg3 f6 1/2-1/2

[Event "XIII American Continental"]
[Site "Montevideo URU"]
[Date "2018.06.07"]
[Round "8"]
[White "Gomes, Marco Tulio Caldeira"]
[Black "Barandiaran, Gabriel"]
[Result "1-0"]
[WhiteElo "1692"]
[BlackElo "1882"]
[EventDate "2018.06.01"]
[PlyCount "53"]

1.c4 e5 2.Nc3 Nf6 3.Nf3 d6 4.g3 Nc6 5.Bg2 Be7 6.d3 Bg4 7.h3 Bh5 8.O-O O-O 
9.Be3 Re8 10.a3 Bf8 11.Nd2 Nd4 12.f4 Nf5 13.Bf2 exf4 14.gxf4 c6 15.Nde4 
Nxe4 16.Bxe4 Qd7 17.Kh2 g6 18.Rg1 Bh6 19.Qd2 Ng7 20.Bh4 f5 21.Bh1 Qe6 22.
e4 fxe4 23.dxe4 Qxc4 24.Qxd6 Ne6 25.Raf1 Bf8 26.Qe5 Nd4 27.Qxh5 1-0

[Event "XIII American Continental"]
[Site "Montevideo URU"]
[Date "2018.06.07"]
[Round "8"]
[White "Fein, Jorge"]
[Black "Davila Texeira, Mario"]
[Result "0-1"]
[WhiteElo "1648"]
[BlackElo "1873"]
[EventDate "2018.06.01"]
[PlyCount "86"]

1.Nf3 g6 2.e4 c5 3.Bc4 Bg7 4.c3 e5 5.O-O Nc6 6.d3 h6 7.a3 d6 8.Qb3 Qc7 9.
Qd1 Nf6 10.h3 Bd7 11.Be3 O-O 12.Qc1 Kh7 13.b4 b6 14.Nbd2 Rae8 15.Nh2 Nh5 
16.Ndf3 f5 17.exf5 gxf5 18.Re1 Nf6 19.Nh4 f4 20.Bd2 d5 21.Bb3 Rg8 22.Qb1 
Bf8 23.Kh1 Bd6 24.Rg1 Rg7 25.N4f3 Kh8 26.Qd1 Reg8 27.Qf1 c4 28.dxc4 e4 29.
Nh4 Bxh3 30.gxh3 Rxg1+ 31.Qxg1 Rxg1+ 32.Rxg1 Ne7 33.Ng4 Nxg4 34.Rxg4 dxc4 
35.Bc2 Qc6 36.Kg1 Qd5 37.Bc1 h5 38.Rg2 Qe5 39.Rg6 f3 40.Rg3 Qxc3 41.Ng6+ 
Nxg6 42.Rxg6 Qxc2 43.Rxd6 Qxc1+ 0-1

[Event "XIII American Continental"]
[Site "Montevideo URU"]
[Date "2018.06.07"]
[Round "8"]
[White "Araujo, Daniel"]
[Black "Belistri, Ubaldo"]
[Result "0-1"]
[WhiteElo "1529"]
[BlackElo "1867"]
[EventDate "2018.06.01"]
[PlyCount "40"]

1.d4 d5 2.c4 c6 3.Nf3 Nf6 4.Nc3 e6 5.Bg5 dxc4 6.a4 Bb4 7.Qc2 Nbd7 8.e4 Qa5
9.Rc1 b5 10.Bd2 Nb6 11.Be2 Bxc3 12.Bxc3 Qxa4 13.Qb1 O-O 14.O-O b4 15.Bd1 
Qb5 16.Bd2 Ba6 17.Re1 c5 18.e5 Nfd5 19.Re4 c3 20.Rh4 Qf1# 0-1

[Event "XIII American Continental"]
[Site "Montevideo URU"]
[Date "2018.06.07"]
[Round "8"]
[White "Zaruski, Julio"]
[Black "Solari, Pablo"]
[Result "1/2-1/2"]
[WhiteElo "1862"]
[BlackElo "1678"]
[EventDate "2018.06.01"]
[PlyCount "135"]

1.e4 e6 2.d4 d5 3.exd5 exd5 4.Bd3 Bd6 5.Nf3 Nf6 6.Nc3 Bg4 7.h3 Bh5 8.Qe2+ 
Qe7 9.Qxe7+ Bxe7 10.g4 Bg6 11.g5 Nh5 12.Nxd5 Bd6 13.Ne5 Bxd3 14.Nxd3 Nc6 
15.c3 O-O-O 16.Ne3 Rhe8 17.Bd2 Nf4 18.Nxf4 Bxf4 19.h4 h5 20.O-O-O Bxe3 21.
Bxe3 Rd5 22.Bf4 Kd7 23.Rhe1 Rxe1 24.Rxe1 Nd8 25.Be5 Ne6 26.b4 b5 27.Kc2 g6
28.a4 a6 29.axb5 axb5 30.Kd3 Kc6 31.Ke4 Rd8 32.Ra1 Kb6 33.d5 Nf8 34.Bd4+ 
Kb7 35.Ra7+ Kb8 36.Ra5 Re8+ 37.Kd3 Re1 38.Rxb5+ Kc8 39.Ra5 Kb7 40.f3 Rh1 
41.Bf2 Rf1 42.Ke2 Rc1 43.Rb5+ Kc8 44.Rc5 Nd7 45.Rc4 Rc2+ 46.Ke3 Ne5 47.Re4
Rxc3+ 48.Kd4 Rxf3 49.Kxe5 Rf5+ 50.Kd4 Rxf2 51.Ke3 Rf5 52.Rf4 Rxd5 53.Rxf7 
Rb5 54.Rf4 Kb7 55.Kd3 Kc6 56.Kc4 Rb6 57.b5+ Kd6 58.Rd4+ Ke5 59.Rd5+ Ke6 
60.Rc5 Kd6 61.Kd4 Rb8 62.Rc6+ Kd7 63.Kc5 Rf8 64.Rxg6 Rf5+ 65.Kc4 Rf4+ 66.
Kd5 Rf5+ 67.Kc4 Rf4+ 68.Kd5 1/2-1/2